LEADER 01994oam 2200517M 450 001 9910716221403321 005 20200213070527.5 035 $a(CKB)5470000002519914 035 $a(OCoLC)1065827738 035 $a(OCoLC)995470000002519914 035 $a(EXLCZ)995470000002519914 100 $a20071213d1926 ua 0 101 0 $aeng 135 $aurcn||||||||| 181 $ctxt$2rdacontent 182 $cc$2rdamedia 183 $acr$2rdacarrier 200 10$aCondemnation of land of the Pueblo Indians in New Mexico for public purposes. April 22, 1926. -- Committed to the Committee of the Whole House on the State of the Union and ordered to be printed 210 1$a[Washington, D.C.] :$c[U.S. Government Printing Office],$d1926. 215 $a1 online resource (2 pages) 225 1 $aHouse report / 69th Congress, 1st session. House ;$vno. 955 225 1 $a[United States congressional serial set ] ;$v[serial no. 8533] 300 $aBatch processed record: Metadata reviewed, not verified. Some fields updated by batch processes. 300 $aFDLP item number not assigned. 606 $aEminent domain 606 $aIndians of North America$xLand tenure 606 $aLand titles 606 $aLegislative amendments 606 $aRailroads 606 $aRight of way 608 $aLegislative materials.$2lcgft 615 0$aEminent domain. 615 0$aIndians of North America$xLand tenure. 615 0$aLand titles. 615 0$aLegislative amendments. 615 0$aRailroads. 615 0$aRight of way. 701 $aMorrow$b John$f1865-1935$pDemocrat (NM)$01389110 801 0$bWYU 801 1$bWYU 801 2$bOCLCO 801 2$bOCLCQ 906 $aBOOK 912 $a9910716221403321 996 $aCondemnation of land of the Pueblo Indians in New Mexico for public purposes. April 22, 1926. -- Committed to the Committee of the Whole House on the State of the Union and ordered to be printed$93462667 997 $aUNINA